000 00395nam a2200145Ia 4500
005 20250509033557.0
008 240331s9999 xx 000 0 und d
082 _a060.378
_bCHI
245 0 _aChinthaka :
_bSri Lanka
260 _aKelaniya
_bKealniya University
_c1994
300 _a138 p .,
500 _aKelaniya University students society annual report
700 _aSoratha.
_eedt
942 _cL
999 _c1307
_d1307